| 000 | 00986nam a2200337 a 4500 | ||
|---|---|---|---|
| 003 | AR-BaBNM | ||
| 005 | 20251128205413.0 | ||
| 008 | 082120s2002 ||||||||||||||000 | spa|| | ||
| 020 | _a84-276-0354-1 | ||
| 040 | _cAR-BaBNM | ||
| 100 | 1 | _aSaavedra Fajardo, Diego | |
| 245 | 0 | 0 |
_aEmpresas políticas _bidea de un príncipe político - cristiano. 1 |
| 260 |
_aMadrid _bNacional _c[s.f.] |
||
| 300 |
_a492 p. _bil., láms. |
||
| 490 | 0 | _aBiblioteca de la literatura y el pensamiento hispánicos | |
| 600 | 0 | 4 | _aTacito |
| 600 | 0 | 4 | _aHoracio |
| 650 | 4 | _aCIENCIAS POLITICAS | |
| 650 | 4 | _aHISTORIA POLITICA | |
| 650 | 4 | _aHISTORIA DE LAS RELACIONES INTERNACIONALES | |
| 650 | 4 | _aGOBIERNO | |
| 650 | 4 | _aCIENCIAS SOCIALES | |
| 650 | 4 | _aLIDERAZGO POLITICO | |
| 650 | 4 | _aSOCIOLOGIA POLITICA | |
| 650 | 4 | _aHISTORIA EUROPEA | |
| 650 | 4 | _aIGLESIA Y ESTADO | |
| 653 | _aSIGLO DE ORO ESPAÑOL | ||
| 700 | 1 |
_aAldea Vaquero, Quintín _eeditor |
|
| 942 | _cBK | ||
| 998 | _cmariana | ||
| 999 |
_c11294 _d11294 |
||